000 00223 a2200097 4500
001 3129
090 _c2411
_d2411
100 _aMark, T
245 _aArmaments, arms, control & Disarmament
260 _aFrance
_bUNESCO
_c1982
942 _aNUST-CAE
_k327.174THE
999 _c238202
_d238202